[Event "Top 12 2021"]
[Site "Chalons en Champagne, France"]
[Date "2021.07.04"]
[Round "11.36"]
[White "Lagarde, Maxime CCH"]
[Black "Rodshtein, Maxim BIS"]
[Result "1-0"]
[WhiteElo "2648"]
[BlackElo "2614"]

1. e4 {[%clk 01:30:58]} e5 {[%clk 01:30:40]} {[%emt 00:00:20]} 2. Nf3 {[%clk
01:31:24]} {[%emt 00:00:05]} Nc6 {[%clk 01:31:05]} {[%emt 00:00:05]} 3. Bb5
{[%clk 01:31:09]} {[%emt 00:00:45]} Nf6 {[%clk 01:31:12]} {[%emt 00:00:23]} 4.
d3 {[%clk 01:30:53]} {[%emt 00:00:47]} Bc5 {[%clk 01:31:08]} {[%emt 00:00:32]}
5. c3 {[%clk 01:31:12]} {[%emt 00:00:12]} O-O {[%clk 01:30:10]} {[%emt
00:01:28]} 6. Nbd2 {[%clk 01:31:27]} {[%emt 00:00:15]} Re8 {[%clk 01:20:35]}
{[%emt 00:10:06]} 7. O-O {[%clk 01:31:07]} {[%emt 00:00:50]} a6 {[%clk
01:20:32]} {[%emt 00:00:32]} 8. Ba4 {[%clk 01:30:01]} {[%emt 00:01:36]} b5
{[%clk 01:17:25]} {[%emt 00:03:38]} 9. Bb3 {[%clk 01:28:39]} {[%emt 00:01:51]}
d6 {[%clk 01:15:05]} {[%emt 00:02:50]} 10. Re1 {[%clk 01:25:10]} {[%emt
00:03:59]} Bb6 {[%clk 01:09:34]} {[%emt 00:06:01]} 11. Nf1 {[%clk 01:24:00]}
{[%emt 00:01:40]} h6 {[%clk 01:06:07]} {[%emt 00:03:57]} 12. Ng3 {[%clk
01:22:49]} {[%emt 00:01:41]} Ne7 {[%clk 01:04:49]} {[%emt 00:01:47]} 13. a4
{[%clk 01:21:58]} {[%emt 00:01:22]} Rb8 {[%clk 01:02:19]} {[%emt 00:03:00]} 14.
h3 {[%clk 01:18:01]} {[%emt 00:04:27]} Ng6 {[%clk 01:00:23]} {[%emt 00:02:26]}
15. d4 {[%clk 01:14:08]} {[%emt 00:04:23]} c5 {[%clk 00:34:17]} {[%emt
00:26:36]} 16. Bc2 {[%clk 01:04:29]} {[%emt 00:10:09]} Bd7 {[%clk 00:25:16]}
{[%emt 00:09:32]} 17. a5 {[%clk 00:55:07]} {[%emt 00:09:52]} Bc7 {[%clk
00:18:18]} {[%emt 00:07:28]} 18. b4 {[%clk 00:48:52]} {[%emt 00:06:45]} Rc8
{[%clk 00:14:12]} {[%emt 00:04:37]} 19. d5 {[%clk 00:35:46]} {[%emt 00:13:35]}
Bb8 {[%clk 00:14:32]} {[%emt 00:00:10]} 20. bxc5 {[%clk 00:31:24]} {[%emt
00:04:53]} Rxc5 {[%clk 00:14:55]} {[%emt 00:00:06]} 21. Ne2 {[%clk 00:31:26]}
{[%emt 00:00:29]} Ba7 {[%clk 00:12:56]} {[%emt 00:02:29]} 22. Be3 {[%clk
00:23:35]} {[%emt 00:08:20]} Rc7 {[%clk 00:12:25]} {[%emt 00:01:01]} 23. Bb6
{[%clk 00:23:45]} {[%emt 00:00:21]} Qb8 {[%clk 00:12:19]} {[%emt 00:00:36]} 24.
Bxc7 {[%clk 00:22:42]} {[%emt 00:01:33]} Qxc7 {[%clk 00:12:45]} {[%emt
00:00:04]} 25. Qd2 {[%clk 00:20:05]} {[%emt 00:03:07]} Rc8 {[%clk 00:12:58]}
{[%emt 00:00:16]} 26. Bd3 {[%clk 00:20:08]} {[%emt 00:00:27]} Nh5 {[%clk
00:11:11]} {[%emt 00:02:17]} 27. Rec1 {[%clk 00:19:10]} {[%emt 00:01:28]} Bc5
{[%clk 00:06:23]} {[%emt 00:05:18]} 28. Ned4 {[%clk 00:16:13]} {[%emt
00:03:28]} Ngf4 {[%clk 00:06:41]} {[%emt 00:00:13]} 29. Bf1 {[%clk 00:16:00]}
{[%emt 00:00:42]} Qa7 {[%clk 00:03:16]} {[%emt 00:03:54]} 30. Nb3 {[%clk
00:04:48]} {[%emt 00:11:42]} Ng3 {[%clk 00:03:32]} {[%emt 00:00:15]} 31. Re1
{[%clk 00:03:09]} {[%emt 00:02:09]} f5 {[%clk 00:02:47]} {[%emt 00:01:15]} 32.
exf5 {[%clk 00:03:21]} {[%emt 00:00:18]} Bxf5 {[%clk 00:02:42]} {[%emt
00:00:34]} 33. Nfd4 {[%clk 00:02:17]} {[%emt 00:01:35]} Nxf1 {[%clk 00:02:17]}
{[%emt 00:00:55]} 34. Rxf1 {[%clk 00:02:34]} {[%emt 00:00:14]} Be4 {[%clk
00:00:49]} {[%emt 00:01:57]} 35. Nc6 {[%clk 00:01:55]} {[%emt 00:01:09]} Qc7
{[%clk 00:00:38]} {[%emt 00:00:41]} 36. Nxc5 {[%clk 00:01:59]} {[%emt
00:00:26]} dxc5 {[%clk 00:00:36]} {[%emt 00:00:32]} 37. Rfe1 {[%clk 00:01:35]}
{[%emt 00:00:55]} Bxd5 {[%clk 00:00:39]} {[%emt 00:00:27]} 38. Nxe5 {[%clk
00:01:00]} {[%emt 00:01:05]} Rf8 {[%clk 00:00:55]} {[%emt 00:00:13]} 39. Ng6
{[%clk 00:00:54]} {[%emt 00:00:36]} Nxg6 {[%clk 00:00:33]} {[%emt 00:00:53]} 40.
Qxd5+ {[%clk 00:31:19]} {[%emt 00:00:04]} Kh8 {[%clk 00:30:37]} {[%emt
00:00:26]} 41. g3 {[%clk 00:30:06]} {[%emt 00:01:43]} c4 {[%clk 00:29:56]}
{[%emt 00:01:11]} 42. Re6 {[%emt 00:05:03]} 1-0

[Event "Top 12 2021"]
[Site "Chalons en Champagne, France"]
[Date "2021.07.04"]
[Round "11.38"]
[White "Daulyte-Cornette, Deimante"]
[Black "Le Roux, Jean-Pierre BIS"]
[Result "1/2-1/2"]
[WhiteElo "2394"]
[BlackElo "2524"]

1. e4 {[%clk 01:30:57]} {[%emt 00:00:02]} e5 {[%clk 01:29:03]} {[%emt
00:01:57]} 2. Nf3 {[%clk 01:31:15]} {[%emt 00:00:12]} Nf6 {[%clk 01:28:14]}
{[%emt 00:01:19]} 3. Nxe5 {[%clk 01:28:12]} {[%emt 00:03:33]} d6 {[%clk
01:26:58]} {[%emt 00:01:46]} 4. Nf3 {[%clk 01:28:33]} {[%emt 00:00:09]} Nxe4
{[%clk 01:26:59]} {[%emt 00:00:29]} 5. d3 {[%clk 01:28:07]} {[%emt 00:00:56]}
Nf6 {[%clk 01:25:01]} {[%emt 00:02:27]} 6. d4 {[%clk 01:26:39]} {[%emt
00:01:59]} d5 {[%clk 01:22:50]} {[%emt 00:02:41]} 7. Bd3 {[%clk 01:25:51]}
{[%emt 00:01:18]} Bd6 {[%clk 01:22:20]} {[%emt 00:01:00]} 8. Qe2+ {[%clk
01:24:24]} {[%emt 00:01:58]} Qe7 {[%clk 01:21:01]} {[%emt 00:01:48]} 9. Qxe7+
{[%clk 01:23:50]} {[%emt 00:01:05]} Kxe7 {[%clk 01:20:57]} {[%emt 00:00:34]} 10.
O-O {[%clk 01:24:01]} {[%emt 00:00:19]} Nc6 {[%clk 01:18:38]} {[%emt 00:02:47]}
11. Re1+ {[%clk 01:22:59]} {[%emt 00:01:33]} Kf8 {[%clk 01:17:47]} {[%emt
00:01:21]} 1/2-1/2

[Event "Top 12 2021"]
[Site "Chalons en Champagne, France"]
[Date "2021.07.04"]
[Round "11.39"]
[White "Bellahcene, Bilel BIS"]
[Black "Devallee, Jeremie CCH"]
[Result "1-0"]
[WhiteElo "2499"]
[BlackElo "2220"]

1. d4 {[%clk 01:27:22]} {[%emt 00:01:34]} Nf6 {[%clk 01:29:20]} {[%emt
00:01:40]} 2. Nf3 {[%clk 01:27:47]} {[%emt 00:00:04]} e6 {[%clk 01:27:45]}
{[%emt 00:02:05]} 3. g3 {[%clk 01:27:45]} {[%emt 00:00:26]} Be7 {[%clk
01:17:56]} {[%emt 00:10:26]} 4. c4 {[%clk 01:27:52]} {[%emt 00:00:23]} d5
{[%clk 01:18:00]} {[%emt 00:00:26]} 5. Bg2 {[%clk 01:28:17]} {[%emt 00:00:05]}
O-O {[%clk 01:17:06]} {[%emt 00:01:24]} 6. O-O {[%clk 01:28:39]} {[%emt
00:00:08]} Nbd7 {[%clk 01:07:35]} {[%emt 00:10:02]} 7. Qc2 {[%clk 01:27:40]}
{[%emt 00:01:29]} Re8 {[%clk 00:50:03]} {[%emt 00:18:02]} 8. b3 {[%clk
01:25:08]} {[%emt 00:03:01]} c6 {[%clk 00:44:52]} {[%emt 00:05:41]} 9. Nc3
{[%clk 01:24:58]} {[%emt 00:00:40]} Bd6 {[%clk 00:38:45]} {[%emt 00:06:38]} 10.
Rd1 {[%clk 01:22:29]} {[%emt 00:02:59]} Qe7 {[%clk 00:37:42]} {[%emt 00:01:33]}
11. Bb2 {[%clk 01:19:41]} {[%emt 00:03:18]} dxc4 {[%clk 00:37:35]} {[%emt
00:00:37]} 12. bxc4 {[%clk 01:20:04]} {[%emt 00:00:07]} e5 {[%clk 00:37:52]}
{[%emt 00:00:13]} 13. e3 {[%clk 01:18:23]} {[%emt 00:02:11]} exd4 {[%clk
00:34:24]} {[%emt 00:03:57]} 14. exd4 {[%clk 01:18:46]} {[%emt 00:00:08]} Ba3
{[%clk 00:34:34]} {[%emt 00:00:20]} 15. Re1 {[%clk 01:14:37]} {[%emt 00:04:39]}
Qb4 {[%clk 00:33:48]} {[%emt 00:01:17]} 16. Bxa3 {[%clk 01:14:08]} {[%emt
00:01:00]} Rxe1+ {[%clk 00:33:04]} {[%emt 00:01:14]} 17. Rxe1 {[%clk 01:14:33]}
{[%emt 00:00:04]} Qxa3 {[%clk 00:33:27]} {[%emt 00:00:07]} 18. Ng5 {[%clk
01:10:12]} {[%emt 00:04:51]} h6 {[%clk 00:29:46]} {[%emt 00:04:11]} 19. Nge4
{[%clk 01:10:12]} {[%emt 00:00:29]} Nxe4 {[%clk 00:29:43]} {[%emt 00:00:33]} 20.
Nxe4 {[%clk 01:10:26]} {[%emt 00:00:17]} Nf8 {[%clk 00:29:25]} {[%emt
00:00:49]} 21. Re3 {[%clk 01:10:22]} {[%emt 00:00:33]} Qe7 {[%clk 00:27:16]}
{[%emt 00:02:39]} 22. Qb2 {[%clk 01:01:01]} {[%emt 00:09:51]} Qd8 {[%clk
00:24:39]} {[%emt 00:03:07]} 23. h3 {[%clk 00:57:49]} {[%emt 00:03:42]} b6
{[%clk 00:21:30]} {[%emt 00:03:40]} 24. Kh2 {[%clk 00:54:53]} {[%emt 00:03:25]}
Bf5 {[%clk 00:21:01]} {[%emt 00:00:59]} 25. Nd2 {[%clk 00:51:23]} {[%emt
00:04:00]} Rc8 {[%clk 00:21:09]} {[%emt 00:00:21]} 26. Nb3 {[%clk 00:49:48]}
{[%emt 00:02:06]} Be6 {[%clk 00:17:47]} {[%emt 00:03:52]} 27. d5 {[%clk
00:49:07]} {[%emt 00:01:11]} cxd5 {[%clk 00:18:09]} {[%emt 00:00:08]} 28. cxd5
{[%clk 00:49:33]} {[%emt 00:00:03]} Bd7 {[%clk 00:17:10]} {[%emt 00:01:30]} 29.
Nd4 {[%clk 00:44:36]} {[%emt 00:05:26]} Qf6 {[%clk 00:17:35]} {[%emt 00:00:05]}
30. Qd2 {[%clk 00:44:03]} {[%emt 00:01:03]} Qd6 {[%clk 00:17:42]} {[%emt
00:00:24]} 31. Qe2 {[%clk 00:43:55]} {[%emt 00:00:37]} Rc7 {[%clk 00:11:47]}
{[%emt 00:06:26]} 32. Nc6 {[%clk 00:43:38]} {[%emt 00:00:47]} Ng6 {[%clk
00:11:15]} {[%emt 00:01:02]} 33. Rc3 {[%clk 00:41:49]} {[%emt 00:02:18]} Bxc6
{[%clk 00:09:32]} {[%emt 00:02:13]} 34. Rxc6 {[%clk 00:37:59]} {[%emt
00:04:20]} Qe7 {[%clk 00:06:22]} {[%emt 00:03:40]} 35. Qc2 {[%clk 00:31:56]}
{[%emt 00:06:32]} Rd7 {[%clk 00:06:41]} {[%emt 00:00:12]} 36. Qf5 {[%clk
00:32:20]} {[%emt 00:00:06]} Nf8 {[%clk 00:05:07]} {[%emt 00:02:04]} 37. h4
{[%clk 00:32:30]} {[%emt 00:00:20]} Rd6 {[%clk 00:02:52]} {[%emt 00:02:45]} 38.
h5 {[%clk 00:29:59]} {[%emt 00:03:01]} g6 {[%clk 00:02:30]} {[%emt 00:00:52]}
39. Qf4 {[%clk 00:29:47]} {[%emt 00:00:41]} Rxc6 {[%emt 00:01:59]} 40. dxc6
{[%clk 01:00:12]} {[%emt 00:00:05]} Ne6 {[%clk 00:31:03]} {[%emt 00:00:29]} 41.
Qxh6 {[%clk 00:57:01]} {[%emt 00:03:41]} gxh5 {[%clk 00:17:11]} {[%emt
00:14:21]} 42. Qxh5 {[%clk 00:57:20]} {[%emt 00:00:10]} Qc5 {[%clk 00:16:57]}
{[%emt 00:00:45]} 43. Qe2 {[%clk 00:54:20]} {[%emt 00:03:30]} Kf8 {[%clk
00:17:21]} {[%emt 00:00:08]} 44. a4 {[%clk 00:51:52]} {[%emt 00:02:57]} Nd4
{[%clk 00:15:08]} {[%emt 00:02:43]} 45. Qg4 {[%clk 00:51:27]} {[%emt 00:00:55]}
Ne6 {[%clk 00:14:58]} {[%emt 00:00:40]} 46. f4 {[%clk 00:48:04]} {[%emt
00:03:53]} Qd4 {[%clk 00:13:50]} {[%emt 00:01:38]} 47. Qh4 {[%clk 00:46:49]}
{[%emt 00:01:44]} Qxa4 {[%clk 00:12:58]} {[%emt 00:01:22]} 48. Qh6+ {[%clk
00:43:05]} {[%emt 00:04:14]} Ke7 {[%clk 00:11:18]} {[%emt 00:02:10]} 49. f5
{[%clk 00:43:16]} {[%emt 00:00:19]} Nc5 {[%clk 00:04:36]} {[%emt 00:07:13]} 50.
Qg5+ {[%clk 00:43:20]} {[%emt 00:00:26]} Ke8 {[%clk 00:01:58]} {[%emt
00:03:07]} 51. c7 {[%clk 00:43:34]} {[%emt 00:00:16]} Qd7 {[%clk 00:02:24]}
{[%emt 00:00:04]} 1-0

[Event "Top 12 2021"]
[Site "Chalons en Champagne, France"]
[Date "2021.07.04"]
[Round "11.40"]
[White "Martsynovskaya, Marina CCH"]
[Black "Maisuradze, Nino BIS"]
[Result "0-1"]
[WhiteElo "2046"]
[BlackElo "2251"]

1. e4 {[%clk 01:30:58]} {[%emt 00:00:01]} c5 {[%clk 01:30:58]} {[%emt
00:00:02]} 2. Nf3 {[%clk 01:31:21]} {[%emt 00:00:08]} Nc6 {[%clk 01:31:07]}
{[%emt 00:00:21]} 3. d4 {[%clk 01:31:43]} {[%emt 00:00:08]} cxd4 {[%clk
01:31:34]} {[%emt 00:00:03]} 4. Nxd4 {[%clk 01:32:07]} {[%emt 00:00:06]} e5
{[%clk 01:31:50]} {[%emt 00:00:14]} 5. Nb5 {[%clk 01:32:02]} {[%emt 00:00:35]}
d6 {[%clk 01:32:08]} {[%emt 00:00:12]} 6. N1c3 {[%clk 01:26:40]} {[%emt
00:05:52]} a6 {[%clk 01:32:32]} {[%emt 00:00:06]} 7. Na3 {[%clk 01:27:06]}
{[%emt 00:00:04]} b5 {[%clk 01:32:02]} {[%emt 00:00:59]} 8. Nd5 {[%clk
01:27:19]} {[%emt 00:00:17]} Nge7 {[%clk 01:32:24]} {[%emt 00:00:08]} 9. c4
{[%clk 01:26:50]} {[%emt 00:00:59]} Nd4 {[%clk 01:32:12]} {[%emt 00:00:43]} 10.
g3 {[%clk 01:17:42]} {[%emt 00:09:38]} Nxd5 {[%clk 01:32:10]} {[%emt 00:00:31]}
11. cxd5 {[%clk 01:14:57]} {[%emt 00:03:15]} h5 {[%clk 01:30:06]} {[%emt
00:02:35]} 12. Bg2 {[%clk 01:14:35]} {[%emt 00:00:52]} h4 {[%clk 01:30:07]}
{[%emt 00:00:30]} 13. h3 {[%clk 01:14:25]} {[%emt 00:00:39]} hxg3 {[%clk
01:25:09]} {[%emt 00:05:28]} 14. fxg3 {[%clk 01:14:16]} {[%emt 00:00:39]} Qf6
{[%clk 01:24:20]} {[%emt 00:01:19]} 15. Be3 {[%clk 01:10:40]} {[%emt 00:04:05]}
Qg6 {[%clk 01:21:26]} {[%emt 00:03:24]} 16. g4 {[%clk 01:09:48]} {[%emt
00:01:22]} Be7 {[%clk 01:17:06]} {[%emt 00:04:50]} 17. O-O {[%clk 01:08:19]}
{[%emt 00:01:59]} Bg5 {[%clk 01:15:46]} {[%emt 00:01:51]} 18. Bxd4 {[%clk
00:55:45]} {[%emt 00:13:04]} exd4 {[%clk 01:16:07]} {[%emt 00:00:09]} 19. Nc2
{[%clk 00:56:09]} {[%emt 00:00:05]} Bd7 {[%clk 00:44:45]} {[%emt 00:31:53]} 20.
Qd3 {[%clk 00:50:49]} {[%emt 00:05:50]} Qh6 {[%clk 00:30:28]} {[%emt 00:14:48]}
21. Rf3 {[%clk 00:48:59]} {[%emt 00:02:19]} Rc8 {[%clk 00:24:28]} {[%emt
00:06:30]} 22. Nxd4 {[%clk 00:44:57]} {[%emt 00:04:33]} Bf6 {[%clk 00:23:25]}
{[%emt 00:01:33]} 23. Rd1 {[%clk 00:42:41]} {[%emt 00:02:46]} Rc4 {[%clk
00:22:42]} {[%emt 00:01:13]} 24. Nf5 {[%clk 00:34:24]} {[%emt 00:08:47]} Bxf5
{[%clk 00:23:03]} {[%emt 00:00:10]} 25. exf5 {[%clk 00:34:48]} {[%emt
00:00:06]} Bxb2 {[%clk 00:21:06]} {[%emt 00:02:27]} 26. Bf1 {[%clk 00:17:55]}
{[%emt 00:17:23]} Rxg4+ {[%clk 00:19:31]} {[%emt 00:02:06]} 27. Kf2 {[%clk
00:16:15]} {[%emt 00:02:10]} Qh4+ {[%clk 00:17:52]} {[%emt 00:02:09]} 28. Ke2
{[%clk 00:15:54]} {[%emt 00:00:50]} Re4+ {[%clk 00:15:41]} {[%emt 00:02:41]} 29.
Re3 {[%clk 00:16:13]} {[%emt 00:00:12]} Qh5+ {[%clk 00:11:35]} {[%emt
00:04:36]} 30. Kd2 {[%clk 00:15:34]} {[%emt 00:01:08]} Rxe3 {[%clk 00:11:56]}
{[%emt 00:00:10]} 31. Qxe3+ {[%clk 00:15:58]} {[%emt 00:00:05]} Be5 {[%clk
00:12:19]} {[%emt 00:00:07]} 32. Qa7 {[%clk 00:11:24]} {[%emt 00:05:04]} O-O
{[%clk 00:11:34]} {[%emt 00:01:14]} 33. Qxa6 {[%clk 00:11:36]} {[%emt
00:00:18]} Qg5+ {[%clk 00:08:49]} {[%emt 00:03:16]} 34. Kc2 {[%clk 00:10:23]}
{[%emt 00:01:43]} Qxf5+ {[%clk 00:08:51]} {[%emt 00:00:28]} 35. Bd3 {[%clk
00:09:54]} {[%emt 00:00:59]} Qf2+ {[%clk 00:03:59]} {[%emt 00:05:22]} 36. Rd2
{[%clk 00:09:16]} {[%emt 00:01:07]} Qc5+ {[%clk 00:04:17]} {[%emt 00:00:12]} 37.
Kd1 {[%clk 00:08:24]} {[%emt 00:01:22]} Bf4 {[%clk 00:02:24]} {[%emt 00:02:23]}
38. Qxb5 {[%clk 00:05:48]} {[%emt 00:03:06]} Bxd2 {[%clk 00:01:05]} {[%emt
00:01:49]} 39. Qxc5 {[%clk 00:03:29]} {[%emt 00:02:49]} dxc5 {[%clk 00:01:34]}
{[%emt 00:00:02]} 40. Kxd2 {[%clk 00:33:52]} {[%emt 00:00:06]} Ra8 {[%clk
00:31:37]} {[%emt 00:00:26]} 41. Bc4 {[%clk 00:34:02]} {[%emt 00:00:21]} Kf8
{[%clk 00:31:43]} {[%emt 00:00:25]} 42. h4 {[%clk 00:24:38]} {[%emt 00:09:54]}
Ke7 {[%clk 00:28:42]} {[%emt 00:03:31]} 43. d6+ {[%clk 00:24:34]} {[%emt
00:00:33]} Kf6 {[%clk 00:27:46]} {[%emt 00:01:27]} 44. d7 {[%clk 00:24:07]}
{[%emt 00:00:57]} Ke7 {[%clk 00:27:58]} {[%emt 00:00:17]} 45. Kd3 {[%clk
00:21:39]} {[%emt 00:02:58]} Ra7 {[%clk 00:26:23]} {[%emt 00:02:06]} 46. Bb5
{[%clk 00:21:28]} {[%emt 00:00:40]} Rxa2 {[%clk 00:26:31]} {[%emt 00:00:22]} 47.
Kc4 {[%clk 00:21:52]} {[%emt 00:00:06]} Rh2 {[%clk 00:24:19]} {[%emt 00:02:42]}
48. Kxc5 {[%clk 00:22:13]} {[%emt 00:00:09]} Rxh4 {[%clk 00:24:44]} {[%emt
00:00:05]} 49. Kc6 {[%clk 00:22:39]} {[%emt 00:00:04]} Kd8 {[%clk 00:25:03]}
{[%emt 00:00:11]} 50. Kd6 {[%clk 00:22:42]} {[%emt 00:00:27]} Rd4+ {[%clk
00:25:23]} {[%emt 00:00:10]} 51. Ke5 {[%clk 00:23:05]} {[%emt 00:00:07]} Rxd7
{[%clk 00:25:48]} {[%emt 00:00:05]} 0-1